Memoria acerca del estado del Instituto del Cardenal Cisneros durante el curso de 1878 a 1879 / (Record no. 165836)

MARC details
000 -LEADER
campo de control de longitud fija 00829nam a22001815i 4500
001 - NÚMERO DE CONTROL
campo de control 165836
003 - IDENTIFICADOR DE NÚMERO DE CONTROL
campo de control ES-MaACL
005 - FECHA Y HORA DE LA ÚLTIMA TRANSACCIÓN
campo de control 20230906213220.0
008 - DATOS DE LONGITUD FIJA--INFORMACIÓN GENERAL
campo de control de longitud fija 960520s1880 sp |||| | spa d
040 ## - FUENTE DE CATALOGACIÓN
Centro catalogador/agencia de origen CLM
Lengua de catalogación spa
Centro/agencia transcriptor CCPB | SIC
110 2# - ENTRADA PRINCIPAL--NOMBRE DE ENTIDAD CORPORATIVA
Nombre de entidad corporativa o nombre de jurisdicción como elemento de entrada Instituto de Enseñanza Media Cardenal Cisneros (Madrid)
9 (RLIN) 4869
245 10 - MENCIÓN DEL TÍTULO
Título Memoria acerca del estado del Instituto del Cardenal Cisneros durante el curso de 1878 a 1879 /
Mención de responsabilidad, etc. escrita por Hemeterio Suaña y Castellet.
260 ## - PUBLICACIÓN, DISTRIBUCIÓN, ETC.
Lugar de publicación, distribución, etc. Madrid :
Nombre del editor, distribuidor, etc. [s.n.],
Fecha de publicación, distribución, etc. 1880 (
Fabricante Imprenta, Estereotipia y Galvanoplastia de Aribau y C. º)
300 ## - DESCRIPCIÓN FÍSICA
Extensión 163 p., [2] h. ;
Dimensiones 23 cm.
610 24 - PUNTO DE ACCESO ADICIONAL DE MATERIA--NOMBRE DE ENTIDAD CORPORATIVA
Nombre de entidad corporativa o nombre de jurisdicción como elemento de entrada Instituto de Enseñanza Media Cardenal Cisneros (Madrid)-
Subdivisión de forma Memorias.
9 (RLIN) 144969
700 1# - ENTRADA AGREGADA--NOMBRE PERSONAL
Nombre de persona Suaña y Castellet, Hemeterio.
9 (RLIN) 132945
852 ## - LOCALIZACIÓN
Ubicación ES-MaACL
Número de control de estantería T-361-F-9
Nota libre -- Enc. hol.
-- -- Enc. en un vol. facticio
Holdings
Estatus retirado Estado de pérdida Estado de daño No para préstamo Colección Biblioteca de origen Biblioteca actual Ubicación en estantería Fecha de adquisición Total de préstamos Signatura topográfica completa Código de barras Visto por última vez Precio de reemplazo Tipo de ítem Koha Fuente de adquisición
        Colección de folletos Biblioteca del Ateneo de Madrid Biblioteca del Ateneo de Madrid Depósito folletos 03/02/2011   T-361-F-9 1185612 23/02/2023 23/02/2023 Folleto  
        Colección de folletos Biblioteca del Ateneo de Madrid Biblioteca del Ateneo de Madrid Depósito folletos 17/01/2008   T-361-F 1173914 23/02/2023 23/02/2023 Folleto